| 000 | 00660nam a2200217Ia 4500 | ||
|---|---|---|---|
| 008 | 191130s2004##################000#0#eng## | ||
| 020 | _a9780199274543 | ||
| 022 | _a2005295420 | ||
| 040 |
_aACL _cACL |
||
| 082 | _a332.401 BIN | ||
| 100 | _aBindseil, Ulrich | ||
| 245 |
_aMonetary policy implementation : theory--past--present _cUlrich Bindseil |
||
| 250 | _a1st ed | ||
| 260 |
_aOxford _bOxford University Press _c2004 |
||
| 300 | _axii, 276 p. : ill. ; 25 cm | ||
| 500 | _aIncludes bibliographical references ([255]-267) and index | ||
| 650 | _aMonetary policy | ||
| 990 | _a519cfc76ac10000c5f184d8b2d568182 | ||
| 991 | _a167945 | ||
| 999 |
_c13893 _d13893 |
||